Score 0/16 Timer 06:00
2 Plays Today
% Correct
Animal Farm, 1984, etc.
96.8%
Scout, Atticus, Jem
88.8%
John Steinbeck
82.9%
Edmund, Lucy, Peter, Susan
70.9%
Smaug
69.9%
The Hundred Acre Wood
69.2%
Ludwig van Beethoven
69%
Holden Caulfield
67.3%
% Correct
Lolita
55.6%
Tar Baby, Beloved, etc.
54.1%
Northern Lights, etc.
48.2%
The Princess Bride
47.4%
Margaret Mitchell
46.4%
Arthur C. Clarke
44.3%
Slaughterhouse-Five
39.9%
H.P. Lovecraft
39.1%
Remove Ads.
Support Sporcle.
Get the best of Sporcle when you Go Orange. This ad-free experience offers more features, more stats, and more fun while also helping to support Sporcle. Thank you for becoming a member.

You're not logged in!

Compare scores with friends on all Sporcle quizzes.
OR
Log In

Show Comments

Extras

Top Quizzes Today


Score Distribution

Your Account Isn't Verified!

In order to create a playlist on Sporcle, you need to verify the email address you used during registration. Go to your Sporcle Settings to finish the process.

Report this User

Report this user for behavior that violates our Community Guidelines.

Details: